Paradas del Tranvía de Murcia - Estadísticas

Estadísticas generales
  • Esta prueba ha sido intentada 46 veces
    44 desde el último reinicio
  • La puntuación promedio es 17 de 28
Respuestas en el mapa
Las respuestas están codificadas por una escala verde-roja en el mapa de la prueba según el % correcto abajo.
 
Estadísticas de respuestas
PARADAS % Correcto
Estadio Nueva Condomina
100%
Plaza Circular
97%
Los Rectores - Terra Natura
86%
Biblioteca Regional
83%
Juan Carlos I
83%
UCAM - Los Jerónimos
77%
Churra
74%
Espinardo
71%
Los Cubos
71%
Abenarabi
69%
Guadalupe
69%
Marina Española
69%
Santiago y Zaraiche
66%
El Puntal
60%
La Ladera
60%
Parque Empresarial
60%
Príncipe de Asturias
60%
Senda de Granada
60%
Residencia Universitaria
54%
Universidad de Murcia
54%
Servicios de Investigación
46%
Alameda
43%
Infantas
43%
Príncipe Felipe
43%
Biblioteca General
40%
Centro Social
37%
Reyes Católicos
34%
El Portón
29%
No se encontraron pruebas coincidentes
Distribución de puntuación
Porcentaje de gente con cada puntuación
Porcentaje por número respondido
Historial de tus puntuaciones
No has intentado esta prueba desde el último reinicio